| 000 | 01677cam a2200385 a 4500 | ||
|---|---|---|---|
| 001 | 16137482 | ||
| 003 | EG-ScBUE | ||
| 005 | 20220614104718.0 | ||
| 008 | 100316s2009 enka f 000 0 eng d | ||
| 020 | _a9788483235195 (pbk.) | ||
| 035 | _a(OCoLC)ocn271775237 | ||
| 040 |
_aUKM _beng _erda _cUKM _dBTCTA _dYDXCP _dOCLCQ _dDLC _dEG-ScBUE |
||
| 043 | _ae-ne--- | ||
| 082 | 0 | 4 |
_a428.64 _222 _bMAC |
| 100 | 1 |
_aMacAndrew, Richard, _eauthor. _914375 |
|
| 245 | 1 | 2 |
_aA little trouble in Amsterdam / _cRichard MacAndrew. |
| 264 | 1 |
_aCambridge : _bCambridge University Press, _c2009. |
|
| 300 |
_a64 pages : _bcolor illustrations ; _c21 cm. |
||
| 336 |
_2rdacontent _atext _btxt |
||
| 337 |
_2rdamedia _aunmediated _bn |
||
| 338 |
_2rdacarrier _avolume _bnc |
||
| 490 | 0 |
_aCambridge discovery readers ; _vlevel 2 |
|
| 538 | _aSystem requirements for accompanying computer disc: Windows 2000, XP, Vista or Mac OS X (10.3 or later) ; 256 MB RAM; CD-ROM drive; 5MB free space if installing; sound card and speakers. | ||
| 650 | 7 |
_aReaders _vJuvenile literature. _914376 _2BUEsh |
|
| 650 | 7 |
_aReading comprehension _vJuvenile literature. _914377 _2BUEsh |
|
| 650 | 7 |
_aVocabulary _vJuvenile literature. _914378 _2BUEsh |
|
| 650 | 7 |
_aTwins _vJuvenile literature. _914379 _2BUEsh |
|
| 650 | 7 |
_aArt thefts _zNetherlands _zAmsterdam _vJuvenile literature. _914380 _2BUEsh |
|
| 651 | _2BUEsh | ||
| 653 | _bHHUUEENN | ||
| 655 |
_vReading book _934232 |
||
| 942 |
_2ddc _cBB |
||
| 999 |
_c14024 _d14024 |
||